Statistics for Countries furthest from unknown A-Z #5

Click here to take the quiz!

General Stats

  • This quiz has been taken 38 times
  • The average score is 19 of 25

Answer Stats

LetterAnswer% Correct
QQatar
94%
OOman
91%
VVanuatu
91%
YYemen
91%
AAntigua and Barbuda
88%
ZZambia
88%
HHonduras
85%
UUnited States of America
85%
FFiji
82%
GGuatemala
82%
JJamaica
82%
TTuvalu
79%
DDominican Republic
76%
EEl Salvador
76%
KKiribati
76%
BBelize
74%
LLaos
71%
IIceland
68%
NNauru
68%
PPanama
65%
SSamoa
62%
CCosta Rica
59%
RRomania
59%
MMarshall Islands
53%
UnknownZimbabwe
29%

Score Distribution

Percentile by Number Answered

Percent of People with Each Score

Your Score History

You have not taken this quiz